[Event "Challenge"]
[Site "http://www.queenalice.com/game.php?id=711649"]
[Date "2010.1.10"]
[Round "-"]
[White "warriormaluco123"]
[Black "Loro"]
[Result "1-0"]
[WhiteElo "1100"]
[BlackElo "1542"]

1. e4 e5 2. Nf3 Bd6 3. Nc3 c6 4. d3 b5 5. Ng5 Qe7 6. Be2 Nh6 7. Bd2 f6 8. Nh3 b4
9. Na4 O-O 10. Bxh6 gxh6 11. c3 Qg7 12. Bf3 bxc3 13. Nxc3 Ba6 14. Ne2 Bb4+ 15.
Kf1 d5 16. exd5 Bb5 17. dxc6 Bxc6 18. Qb3+ Rf7 19. Qxb4 a5 20. Qh4 Raa7 21. Bxc6
Nxc6 22. Nc3 Qxg2+ 23. Kxg2 Rg7+ 24. Qg3 Rxg3+ 25. hxg3 Nd4 26. f4 exf4 27. Nxf4
Rg7 28. Rxh6 Nf5 29. Rxf6 Nxg3 30. Kf3 h5 31. Rg1 h4 32. Rh6 Nf5 33. Rxg7+ Kxg7
34. Ra6 Nd4+ 35. Kg4 1-0

[Event "Challenge"]
[Site "http://www.queenalice.com/game.php?id=739218"]
[Date "2010.3.1"]
[Round "-"]
[White "Loro"]
[Black "warriormaluco123"]
[Result "1-0"]
[WhiteElo "1581"]
[BlackElo "1100"]

1. Nf3 e5 2. Nxe5 d5 3. e3 Nf6 4. d4 Be6 5. Be2 Bd6 6. Nf3 Nc6 7. Nc3 a6 8. a3
b5 9. b4 Qe7 10. Bd3 Bg4 11. h3 Bh5 12. g4 Bg6 13. Bd2 h5 14. g5 Ne4 15. Nxd5
Qd7 16. Bxe4 Bxe4 17. Nc3 O-O-O 18. Nxe4 Rhe8 19. Nc5 Bxc5 20. dxc5 Qf5 21. h4
Ne5 22. Nxe5 Rxe5 23. Rc1 Qe4 24. f3 Qc4 25. f4 Qe4 26. O-O Red5 27. Rf2 g6 28.
Qf1 Rxd2 29. Rxd2 Qxe3+ 30. Rf2 Qg3+ 31. Qg2 Qxa3 32. Qa8+ 1-0

[Event "AUTO-OPEN-1896"]
[Site "http://www.queenalice.com/game.php?id=739352"]
[Date "2010.3.1"]
[Round "1"]
[White "cunha"]
[Black "warriormaluco123"]
[Result "1-0"]
[WhiteElo "2647"]
[BlackElo "1100"]

1. e4 e5 2. Nf3 Nf6 3. Nxe5 Nc6 4. Nxc6 dxc6 5. Nc3 Bc5 6. h3 O-O 7. d3 Be6 8.
Bf4 a6 9. Be2 Qe7 10. O-O Rfd8 11. Qd2 Bd4 12. a3 Bxc3 13. Qxc3 c5 14. Bg3 c6
15. f4 b5 16. Bh4 Qd7 17. f5 1-0

[Event "AUTO-OPEN-1896"]
[Site "http://www.queenalice.com/game.php?id=739353"]
[Date "2010.3.1"]
[Round "1"]
[White "warriormaluco123"]
[Black "cunha"]
[Result "0-1"]
[WhiteElo "1100"]
[BlackElo "2648"]

1. e4 c5 2. Nf3 d6 3. d3 Nc6 4. Nc3 Nf6 5. Be2 e6 6. Bg5 Be7 7. Qd2 h6 8. Bh4
O-O 9. g4 Nd4 10. Nxd4 cxd4 11. Nb5 Qb6 12. a4 Bd7 13. f4 Nxe4 14. dxe4 Bxh4+
15. Kf1 e5 16. f5 Bc6 17. Nxd6 Qc5 18. Nc4 Bxe4 19. b4 Qd5 20. Rg1 Rfc8 0-1

[Event "AUTO-OPEN-1896"]
[Site "http://www.queenalice.com/game.php?id=739384"]
[Date "2010.3.1"]
[Round "1"]
[White "warriormaluco123"]
[Black "widad"]
[Result "0-1"]
[WhiteElo "1002"]
[BlackElo "1631"]

1. e4 c5 2. Nf3 Nc6 3. d3 e5 4. Nc3 d6 5. Be2 Nf6 6. Bg5 Be7 7. a3 h6 8. Bxf6
Bxf6 9. Nd5 b6 10. c4 Nd4 11. Nxd4 cxd4 12. O-O O-O 13. b4 Bb7 14. Bf3 Rc8 15.
Bg4 Rc6 16. f4 Be7 17. f5 f6 18. Bh5 b5 19. cxb5 Rc8 20. Bg6 Bxd5 21. exd5 Qb6
22. Qa4 Rc3 23. Rfd1 Rfc8 24. h3 Bd8 25. Be8 Kf8 26. Bc6 Be7 27. Rac1 Rxc1 28.
Rxc1 Bd8 29. Qd1 Be7 30. Qh5 Kg8 31. Rf1 Qd8 0-1

[Event "AUTO-OPEN-1896"]
[Site "http://www.queenalice.com/game.php?id=739385"]
[Date "2010.3.1"]
[Round "1"]
[White "widad"]
[Black "warriormaluco123"]
[Result "1-0"]
[WhiteElo "1629"]
[BlackElo "1002"]

1. e4 e5 2. Nf3 Nf6 3. Nc3 Nc6 4. d3 d6 5. Bg5 h6 6. Bh4 g5 7. Be2 gxh4 8. Nxh4
Nxe4 9. dxe4 Qxh4 10. Qd3 Be6 11. g3 Qe7 12. a3 O-O-O 13. f4 exf4 14. gxf4 Bg7
15. f5 Ne5 16. Qd2 Qh4+ 17. Kd1 Bd7 18. Bd3 Nf3 19. Qg2 Ng5 20. Nd5 Bxb2 21. Ra2
Be5 22. c4 Ba4+ 23. Bc2 Bxc2+ 24. Rxc2 Nxe4 25. Re1 Nc5 26. Rce2 Qxc4 27. Ne7+
Kb8 28. Rc2 Qd4+ 29. Qd2 1-0

[Event "AUTO-BEG-383"]
[Site "http://www.queenalice.com/game.php?id=740707"]
[Date "2010.3.3"]
[Round "1"]
[White "warriormaluco123"]
[Black "leandro1996"]
[Result "0-1"]
[WhiteElo "997"]
[BlackElo "1674"]

1. e4 e5 2. Nf3 Nc6 3. Bb5 Nf6 4. O-O d6 5. d4 exd4 6. Bxc6+ bxc6 7. Qxd4 Be7 8.
Nc3 c5 9. Qd3 O-O 10. Bg5 h6 11. Bxf6 Bxf6 12. Qd5 Be6 13. Qc6 Bxc3 14. bxc3 Bd7
15. Qd5 Be6 16. Qd2 Kh8 17. Qf4 f5 18. exf5 Bxf5 19. Qg3 Bxc2 20. Nh4 Qf6 21. f4
Bh7 22. a4 c6 23. Ra2 Qe6 24. Rb2 d5 0-1

[Event "AUTO-BEG-383"]
[Site "http://www.queenalice.com/game.php?id=740708"]
[Date "2010.3.3"]
[Round "1"]
[White "leandro1996"]
[Black "warriormaluco123"]
[Result "1-0"]
[WhiteElo "1625"]
[BlackElo "1100"]

1. e4 e5 2. Nf3 d5 3. exd5 Qxd5 4. Nc3 Qd8 5. Nxe5 Nf6 6. Bc4 Bc5 7. O-O O-O 8.
Nxf7 Rxf7 9. Bxf7+ Kxf7 10. d3 Nc6 11. Bg5 h6 12. Bxf6 Qxf6 13. Qh5+ Kg8 14. Ne4
Qe7 15. Nxc5 Qxc5 16. Qxc5 1-0